LEADER 00912nam a2200205 i 4500 001 000000163333 003 CaOOAMICUS 005 20090217000000.0 008 090217s1575 it u000 u ita u 013 $a140697 040 $aSeMil$bita 245 10$aTrattato della Comunione. 260 $aVenezia :$bappresso Enea de Alaris,$c1575. 300 $a7,5 x 13,5 ;$ccc. 90 ;$crom. 500 $aDescrizione da : Incunaboli e Cinquecentine della Biblioteca del Seminario di Milano / catalogo a cura di Ubaldo Valentini, Milano 1981. - Numero di catalogo : 303. 700 1 $aCacciaguerra, Bonsignore <1495-1566>.$0(OLS)http://semarc/name/30445 850 $aSeMil 852 $aSeMil$W1$xVenegono$y1$mFV.B II 14/1$j114628$B114628$CSeMilBibl$Z2$F125425 $86 996 $6245$aTrattato della Comunione$9(OLS)http://semarc/title/233006 996 $6260$aVenezia :$bappresso Enea de Alaris$9(OLS)http://semarc/publisher/47273 LEADER 00735nab a2200181 i 4500 001 000000290300 003 CaOOAMICUS 005 20170109000000.0 008 170109n xx uu u0 0und r 013 $a45181 020 $a978-88-382-4460-5 040 $aSeMil$bita 245 10$aCharles Journet :$bla cittą di Dio e la cittą degli uomini. - Titolo dalla copertina. 500 $aNOVEMBRE-DICEMBRE 2016. 700 1 $aNegro, Matteo.$0(OLS)http://semarc/name/84215 773 0 $t[2016 : Luglio-Dicembre].$dRoma : Studium, 2016.$w()251274 996 $6020$a978-88-382-4460-5$9(OLS)http://semarc/number/268161 996 $6245$aCharles Journet :$bla cittą di Dio e la cittą degli uomini. - Titolo dalla copertina.$9(OLS)http://semarc/title/414387